Where in the UK? Quiz Stats

 Plays Quiz not verified by Sporcle

Challenge
Share
Tweet
www.sporcle.com/games/diving/oh-where-oh-where-us-e (Where in the Eastern US?) www.sporcle.com/games/diving/oh-where-oh-where-us-w (Where in the Western US?) www.sporcle.com/games/diving/oh-where-oh-where-uk-ii (Where in the UK? 2)
Score 0/14 Timer 05:00
0 Plays Today
Location % Correct
3???
78.5%
14???
76.1%
5???
71.4%
2???
67.5%
8???
60%
11???
52.9%
1???
51.5%
Location % Correct
12???
50.9%
9???
46.4%
7???
35.3%
10???
32%
6???
28.2%
4???
25.6%
13???
4.3%

You're not logged in!

Compare scores with friends on all Sporcle quizzes.
Join for Free
OR
Log In

You Might Also Like...

Show Comments

Extras

Top Quizzes Today


Score Distribution

Your Account Isn't Verified!

In order to create a playlist on Sporcle, you need to verify the email address you used during registration. Go to your Sporcle Settings to finish the process.

Report this User

Report this user for behavior that violates our Community Guidelines.

Details: